Positivismo y gobierno /

Guardado en:
Autor Principal: Littre, Maximiliano
Formato: Libro
Publicado: Buenos Aires : Tor, s.f.
Materias:
Etiquetas: Agregar Etiqueta
Sin Etiquetas, Sea el primero en etiquetar este registro!
LEADER 00512nam a22001695a 4500
001 CEM.cems009351
005 20090219100959.0
008 130507b######################000#0#####d
003 CEMS
082 0 4 |a 146 
100 1 |a Littre, Maximiliano 
245 1 0 |a Positivismo y gobierno /  |c Maximiliano Littré ; traducción de F. Díaz Crespo y Feder Spiegel 
260 |a Buenos Aires :  |b Tor, s.f. 
300 |a 155 p. 
653 |a Filosofía 
653 |a Positivismo 
859 |a CEMS  |b BIB. CEMS - 11 de abril  |h 146  |i L737  |p 19014.96  |t Ej.1